| 000 | 01087nam0a22002771 4500 | ||
|---|---|---|---|
| 001 | rc\827434 | ||
| 005 | 20250622005054.0 | ||
| 035 | _a(NLR Aleph) 006009650 | ||
| 090 |
_a7314908 _c7314908 |
||
| 100 | _a20041129d1983 |||y0rusy50 ca | ||
| 101 | 0 | _arus | |
| 102 | _aRU | ||
| 105 | _aa ||||||||| | ||
| 200 | 1 |
_aОбработка сигналов в адаптивных антенных решетках _fА.К. Журавлев, А.П. Лукошкин, С.С. Поддубный |
|
| 210 |
_aЛ. _cИзд-во ЛГУ _d1983 |
||
| 215 |
_a239 с. _cил. _d21 |
||
| 300 | _aВ надзаг.: М-во высш. и сред. спец. образования РСФСР | ||
| 320 | _aБиблиогр.: с. 233-236 (77 назв.) | ||
| 700 | 1 |
_aЖуравлев _bА.К. _gАнатолий Константинович |
|
| 701 | 1 |
_aЛукошкин _bА.П. _gАнатолий Петрович |
|
| 701 | 1 |
_aПоддубный _bС.С. _gСергей Сергеевич |
|
| 801 | 0 |
_aRU _bNLR _gpsbo |
|
| 801 | 1 |
_aRU _bELAR _2rusmarc |
|
| 852 |
_aNLR _j84-5/1104 |
||
| 942 | _cBOOK | ||
| 980 | _aNB | ||